QUEUEING THEORY , A LINEAR ALGEBRIC APPROACH (Record no. 575182)
[ view plain ]
| 000 -LEADER | |
|---|---|
| fixed length control field | 00356nam a22001337a 4500 |
| 020 ## - INTERNATIONAL STANDARD BOOK NUMBER | |
| International Standard Book Number | 0-02-370952-9 |
| 082 ## - DEWEY DECIMAL CLASSIFICATION NUMBER | |
| Classification number | 519.82 LIP'Q |
| 100 ## - MAIN ENTRY--PERSONAL NAME | |
| Personal name | LIPSKY, LESTER R |
| 9 (RLIN) | 67386 |
| 245 ## - TITLE STATEMENT | |
| Title | QUEUEING THEORY , A LINEAR ALGEBRIC APPROACH |
| 260 ## - PUBLICATION, DISTRIBUTION, ETC. | |
| Place of publication, distribution, etc. | NEWYORK |
| Name of publisher, distributor, etc. | MACMILLAN |
| Date of publication, distribution, etc. | 1992 |
| 300 ## - PHYSICAL DESCRIPTION | |
| Extent | XIV,384P |
| 650 ## - SUBJECT ADDED ENTRY--TOPICAL TERM | |
| Topical term or geographic name entry element | QUEUEING THEORY ALGEBRA LINEAR |
| 9 (RLIN) | 67387 |
| 942 ## - ADDED ENTRY ELEMENTS (KOHA) | |
| Koha item type | Book |
| Withdrawn status | Lost status | Damaged status | Not for loan | Permanent Location | Current Location | Shelving location | Date acquired | Total Checkouts | Full call number | Barcode | Date last seen | Price effective from | Koha item type |
|---|---|---|---|---|---|---|---|---|---|---|---|---|---|
| College of Electrical & Mechanical Engineering (CEME) | College of Electrical & Mechanical Engineering (CEME) | General Stacks | 08/01/2017 | 519.82 LIP'Q | CEME-29204 | 06/28/2021 | 06/28/2021 | Book |
